कऱ्हेचे पाणी (Record no. 470358)

MARC details
000 -LEADER
fixed length control field 00487nam a2200145Ia 4500
008 - FIXED-LENGTH DATA ELEMENTS--GENERAL INFORMATION
fixed length control field 100204s9999 xx 000 0 und d
082 ## - DEWEY DECIMAL CLASSIFICATION NUMBER
Item number 25177
100 ## - MAIN ENTRY--PERSONAL NAME
Personal name अत्रे प्रल्हाद केशव
245 ## - TITLE STATEMENT
Title कऱ्हेचे पाणी
260 ## - PUBLICATION, DISTRIBUTION, ETC. (IMPRINT)
Name of publisher, distributor, etc "पुरंदरं पंकाशन , पुणे"
Date of publication, distribution, etc 1997/14
300 ## - PHYSICAL DESCRIPTION
Extent 399
630 ## - SUBJECT ADDED ENTRY--UNIFORM TITLE
Uniform title कऱ्हेचे पाणी
730 ## - ADDED ENTRY--UNIFORM TITLE
Uniform title कऱ्हेचे पाणी
942 ## - ADDED ENTRY ELEMENTS (KOHA)
Koha item type Book
Holdings
Withdrawn status Lost status Damaged status Not for loan Home library Current library Date acquired Cost, normal purchase price Total Checkouts Full call number Barcode Date last seen Cost, replacement price Price effective from Koha item type
        N. C. Kelkar Sarvajanik Library, Mulund N. C. Kelkar Sarvajanik Library, Mulund 04/04/2002 175.00   25177 NCKMULUND-25177 02/04/2010 175.00 02/04/2010 Book